Análise matemática. Vol. 6

Guardado en:
Autor Principal: Cossi, Ernesto Bruno.
Formato: Libro
Idioma:Undetermined
Publicado: Pôrto Alegre Instituto de Matemática, Universidade do Rio Grande do Sul 1960
Etiquetas: Agregar Etiqueta
Sin Etiquetas, Sea el primero en etiquetar este registro!
LEADER 00523nam a22001455a 4500
001 MAT.inmabb000803
008 170804s1960####bl############001#0#und##
005 20170804131607.0
245 |a Análise matemática. Vol. 6  |c Ernesto Bruno Cossi 
260 |a Pôrto Alegre  |b Instituto de Matemática, Universidade do Rio Grande do Sul  |c 1960 
300 |a 140 p. 
100 1 |a Cossi, Ernesto Bruno. 
084 |a 26-XX  |2 msc2000 
859 |h 26  |i C836a  |p A-620  |v 6  |3 Vol. VI  |b BIB. MATEMATICA 
859 |h 26  |i C836a  |p A-860  |t Ej. 2  |v 6  |3 Vol. VI  |b BIB. MATEMATICA